000 00299nam a2200121 a 4500
001 000019536
005 20200929170041.0
008 100630s2010 000 spa d
020 _a9786074001396
245 3 _aEl pequeño Larousse ilustrado.
260 _aMéxico D.F.,
_c2010.
999 _c19052
_d19052
040 _aDO-SdBNP